000 01125nam a2200289 4500
003 BOFEUTO
005 20260512145327.0
008 260504t2025 bo a gr 001 | spa d
040 _6BOFEUTO
_aBOFEUTO
_cBOFEUTO
041 _aspa
044 _abo
082 _aTE6288
_bEq64e
100 _aEquiza Josephia, Aracely Fanny
_eautor
245 _aEstrategias de marketing relacional para el servicio de transporte de pasajeros en la empresa "Chino Bus" de la ciudad de Oruro /
_cAracely Fanny Equiza Josephia, Rosario Del Castillo Rodriguez
260 _aOruro :
_bs/n,
_c2025.
300 _a67 hojas ;
_bgráf., tabl., imágenes ;
_c25.5 cm.
500 _aIncluye bibliografía, anexos.
502 _aTesis Dirigida, (Licenciatura) -- Universidad Técnica de Oruro, Facultad de Ciencias Económicas, Financieras y Administrativas, Carrera Administración de Empresas, 2024.
650 _aAdministración
653 _aMarketing
653 _aMarketing relacional
653 _aProducción
653 _aPatrimonio
700 _aDel Castillo Rodríguez, Rosario
_etutor
942 _2ddc
_cTE
_n0
942 _n0
_2ddc
999 _c16151
_d16151